| 000 | 01299cad a22003015a 4500 | ||
|---|---|---|---|
| 008 | 030528s2003 xxk f 000 0 eng u | ||
| 020 |
_a0419213805 _a9780203476543 |
||
| 035 | _a(Sirsi) u122433 | ||
| 050 |
_a690.068 _c21 |
||
| 050 |
_a346.410865 _c21 |
||
| 100 | _aBunni, Nael G. | ||
| 245 | _aRisk and insurance in construction. | ||
| 250 | _a2nd ed. | ||
| 260 |
_aLondon _bTaylor and Francis _c2003 |
||
| 300 |
_axxii, 471p. _c26cm. |
||
| 350 | _a90 | ||
| 520 | _aAn in depth study of risk management and insurance within the construction industry. The text considers the spectrum of hazards and risks associated with construction, responsibility and liability, indemnity and insurance, the structure of the insurance market, insurance clauses in the standard forms of building and engineering contracts, and alternative methods of insuring. Case law. | ||
| 520 | _aSupersedes first edition "Construction insurance" (ISBN 0853344388). | ||
| 650 | _aBUILT ENVIRONMENT-BUILDING CONTRACT FORMS | ||
| 650 | _aCONSTRUCTION INDUSTRY | ||
| 650 | _aENGINEERING CONTRACTS | ||
| 650 |
_aInsurance _96249 |
||
| 650 | _aPROFESSIONAL INDEMNITY INSURANCE | ||
| 650 | _aRISK MANAGEMENT | ||
| 650 | _aSURVEYORS' LIABILITIES | ||
| 690 | _aBUILDING AND CONSTRUCTION-MANAGEMENT | ||
| 942 | _n0 | ||
| 999 |
_c102841 _d102841 |
||